| 000 | 00512nam a2200169Ia 4500 | ||
|---|---|---|---|
| 999 |
_c8985 _d8985 |
||
| 020 | _a9788131608364 | ||
| 082 | _a305.80095484 RAO-T | ||
| 100 | _aRao, Palla Trinadha | ||
| 245 | 0 | _aTribal land question: Case of Andhra Pradesh | |
| 260 |
_aNew Delhi _bRawat Publications _c2017 |
||
| 300 | _axxi,256p | ||
| 504 | _aIncludes index | ||
| 650 |
_aIndian reservations _zAndhra Pradesh _zTelangana |
||
| 650 |
_aLand use _zAndhra Pradesh _zTelangana |
||
| 650 |
_aLand tenure _zAndhra Pradesh _zTelangana |
||
| 942 | _cBK | ||